Statistiques concernant Pays par image n°5

Cliquez ici pour prendre le quiz!

Statistiques générales

  • Ce quiz a été pris 6 182 fois
  • Le résultat moyen est 9 sur 15

Statistiques - réponses

Réponse% Correct
Inde
97%
Grèce
97%
Etats-Unis
96%
Japon
93%
France
93%
Émirats arabes unis
63%
Thaïlande
61%
Norvège
58%
Indonésie
46%
Arménie / Turquie
42%
République tchèque
35%
Brésil
33%
Égypte
22%
Kazakhstan
18%
Yémen
14%

Distribution des résultats

Percentile par nombre de réponses

% des personnes avec chaque résultat

Votre développement - résultats

Vous n’avez pas pris ce quiz